Using reappraisal to regulate negative emotion after the 2016 U.S. presidential election : (Record no. 20823)
[ view plain ]
| 000 -LEADER | |
|---|---|
| fixed length control field | 01003nam a22002057a 4500 |
| 005 - DATE AND TIME OF LATEST TRANSACTION | |
| control field | 20250217155222.0 |
| 008 - FIXED-LENGTH DATA ELEMENTS--GENERAL INFORMATION | |
| fixed length control field | 240822b ||||| |||| 00| 0 eng d |
| 082 ## - DEWEY DECIMAL CLASSIFICATION NUMBER | |
| Classification number | DPer 658.8 J826 October-December 2019 v. 117, n. 4-6 |
| 100 ## - MAIN ENTRY--PERSONAL NAME | |
| Personal name | Ford, Brett Q. |
| Relator term | author. |
| 9 (RLIN) | 58825 |
| 245 ## - TITLE STATEMENT | |
| Title | Using reappraisal to regulate negative emotion after the 2016 U.S. presidential election : |
| Remainder of title | does emotion regulation trump political action? / |
| Statement of responsibility, etc. | Brett Q. Ford, Matthew Feinberg, Phoebe Lam, Iris B. Mauss, and Oliver P, John. |
| 260 ## - PUBLICATION, DISTRIBUTION, ETC. (IMPRINT) | |
| Place of publication, distribution, etc. | Philadelphia ; |
| Name of publisher, distributor, etc. | American Psychological Association, |
| Date of publication, distribution, etc. | November 2019. |
| 300 ## - PHYSICAL DESCRIPTION | |
| Extent | volume 119, pages998-1015, |
| Other physical details | illustration. |
| 500 ## - GENERAL NOTE | |
| General note | Journal of Personality and Social Psychology, vol. 117, n. 5, pages 998-1015, November 2019. |
| 700 ## - ADDED ENTRY--PERSONAL NAME | |
| Personal name | Ford, Brett Q. |
| Relator term | author. |
| 9 (RLIN) | 58825 |
| 700 ## - ADDED ENTRY--PERSONAL NAME | |
| Personal name | Feinberg, Matthew. |
| Relator term | author. |
| 9 (RLIN) | 58826 |
| 700 ## - ADDED ENTRY--PERSONAL NAME | |
| Personal name | Lam, Phoebe. |
| Relator term | author. |
| 9 (RLIN) | 58827 |
| 700 ## - ADDED ENTRY--PERSONAL NAME | |
| Personal name | Mauss, Iris B. |
| Relator term | author. |
| 9 (RLIN) | 58828 |
| 700 ## - ADDED ENTRY--PERSONAL NAME | |
| Personal name | John, Oliver P. |
| 9 (RLIN) | 58829 |
| 942 ## - ADDED ENTRY ELEMENTS (KOHA) | |
| Source of classification or shelving scheme | Dewey Decimal Classification |
| Koha item type | Periodicals |
| Withdrawn status | Lost status | Source of classification or shelving scheme | Damaged status | Not for loan | Collection code | Home library | Current library | Date acquired | Total Checkouts | Date last seen | Price effective from | Koha item type | Public note |
|---|---|---|---|---|---|---|---|---|---|---|---|---|---|
| Dewey Decimal Classification | Periodicals | UM Digos College - LIC | UM Digos College - LIC | 08/22/2024 | 08/22/2024 | 08/22/2024 | Periodicals | Periodical Article |
